Quizzes
Events
Quiz Creation
Community
Videos
Private Events
Remove Ads
Sign In
Join for FREE
Feedback
Dark Mode
Quiz Categories
Sports
Geography
Music
Movies
Television
Just For Fun
Miscellaneous
History
Literature
Language
Science
Gaming
Entertainment
Religion
Holiday
For Kids
Quiz Lab
Recent
Popular Today
Quiz Kudos Today
Editor Picks
Curator Picks
Quizzes by...
Day
Popularity
Type
Ratings
Length
Year
Community
Subscriptions
Recent Discussions
Orange Saloon
Badges
Playlists
Quests
Create
Leaderboards
Showdown
Live 5
Trivia Bingo
Activity
Puzzle Library
Sporcle Events
Private Events
Virtual Trivia
Globe League
Become a Host
Pub Owners
SporcleCon
Opinionation
Our Games
Videos
Blog
Mobile Apps
Partnerships
Remove Ads and Go Orange
Feedback
Holiday
Halloween
Christmas
Holiday Songs
April Fools'
Thanksgiving
Valentine's Day
Easter
St Patrick's Day
National Holiday
Religious Holiday
Holiday
Halloween
Christmas
Holiday Songs
April Fools'
Thanksgiving
Valentine's Day
Easter
St Patrick's Day
National Holiday
Religious Holiday
Random Quiz
Search Sporcle
×
Quiz Lab
Quiz Lab
Holiday
Holiday Songs
Type in answers that appear in a list
Type in answers that appear in a list
Classic
Best Score? Go Orange.
Happy New Year! (clips) Stats
Can you name the events or people speaking or being spoken about in Kenny G's 'Auld Lang Syne (Millenium Mix)'?
By
sbme
20m
85 Questions
150 Plays
150 Plays
150 Plays
Comments
Comments
Give Quiz Kudos
Give Quiz Kudos
-
- Ratings
hide this ad
More Info
Replay
Link that replays current quiz
Next Quiz
Link to next quiz in quiz playlist
You Got
0%
They Got
Avg Score
55%
Avg Friend Score
Upgrade to see
Score Distribution
Jump to the score distribution portion of the page
Score
0/85
Timer
20:00
0
Plays Today
Time
Answer
% Correct
1:18-
1:25
FDR addresses the USA of the attack on Pearl Harbor
82%
0:55-
1:00
President Franklin D. Roosevelt's first Inaugural Address
76.7%
1:35-
1:38
FDR's death
76.7%
2:34-
2:42
JFK's Inaugural Address
76.7%
7:28-
7:39
JFK's Inaugural Address
76.7%
2:52-
2:57
Walter Cronkite announces JFK's assassination
76%
0:02-
0:12
Thomas Edison
74%
2:59-
3:11
Martin Luther King, Jr.
73.3%
2:01-
2:07
Vice-President Richard M. Nixon
72.7%
4:29-
4:34
President Richard M. Nixon
72.7%
4:51-
4:54
President Nixon resigns
72.7%
6:12-
6:17
President George H.W. Bush talks about the destruction of the Berlin Wall
72%
1:40-
1:44
Harry Truman talks about the atomic bomb being dropped on Hiroshima
71.3%
6:44-
7:01
President Bill Clinton in the Lewinsky Scandal
71.3%
5:32-
5:45
President Ronald Reagan eulagises the Challenger crew
70%
6:03-
6:06
Ronald Reagan talks about the Iran-Contra Affair
69.3%
2:18-
2:23
Steve Allen introduces Elvis Presley to his variety show
68.7%
5:15-
5:22
Wedding of Princess Diana and Prince Charles
68.7%
2:23-
2:27
Elvis Presley
68%
2:47-
2:51
Marilyn Monroe sings 'Happy Birthday' to JFK
68%
2:50-
2:52
Marilyn Monroe overdosed on sleeping pills
68%
5:02-
5:05
Elvis Presley dies from a drug overdose
68%
4:57-
4:59
President Jimmy Carter
67.3%
5:57-
6:01
Ronald Reagan challenges Mikhail Gorbachev to destroy the Berlin Wall
67.3%
6:20-
6:22
George H.W. Bush promises that there will be 'no new taxes'
67.3%
3:37-
3:43
Robert Kennedy announces the assassination of Martin Luther King, Jr.
66.7%
3:44-
3:47
Andrew West announces the assassination of Robert Kennedy
66.7%
5:05-
5:11
John Lennon was assassinated
66%
6:48-
6:51
Hillary Rodham Clinton in the Lewinsky Scandal
66%
Time
Answer
% Correct
3:54-
4:07
Ted Kennedy speaks at Robert Kennedy's funeral
65.3%
7:01-
7:13
Vice-President Al Gore discusses the Columbine High School massacre
65.3%
6:30-
6:34
Princess Diana dies in a car accident
64.7%
6:33-
6:34
Ellen DeGeneres comes out of the closet
64.7%
0:51-
0:55
Black Friday
62.7%
4:07-
4:13
Neil Armstrong becomes the first man on the moon
62.7%
5:22-
5:27
Spread of AIDS
62%
1:38-
1:46
Bud Abbott & Lou Costello's 'Who's on First?' skit
60%
6:08-
6:12
Caroll Spinney as Oscar the Grouch on 'Sesame Street'
60%
1:00-
1:05
Herbert Morrison reports on the Hindenburg Disaster
59.3%
4:59-
5:02
Chevy Chase on 'Saturday Night Live'
59.3%
6:22-
6:30
Deidre Robertson reads the verdict of the O.J. Simpson murder case
59.3%
0:45-
0:51
Calvin Coolidge announces Charles A Lindbergh as the first person to fly solo across the Atlantic Ocean
57.3%
4:13-
4:15
Woodstock
56.7%
3:30-
3:36
Lyndon B. Johnson
56.7%
1:53-
1:55
Jackie Robinson is the first African American MLB player
56%
5:26-
5:32
Liftoff of Space Shuttle Challenger
56%
2:29-
2:34
Dick Clark's 'American Bandstand'
55.3%
3:22-
3:27
President Lyndon B. Johnson
55.3%
1:13-
1:15
Joseph Goebbels
54.7%
2:46-
2:47
Scott Carpenter (Mission Control), as John Glenn became the first American to orbit the earth
52.7%
6:34-
6:36
Mike Myers as Austin Powers
52.7%
4:24-
4:29
Muhammad Ali
52%
1:30-
1:35
Lou Gehrig retires from baseball
51.3%
4:34-
4:46
Milo Hamilton announces that Henry Aaron becomes home run champion
51.3%
4:54-
4:57
President Gerald Ford pardons Nixon
51.3%
1:50-
1:53
Sir Winston Churchill
48.7%
4:47-
4:51
Ed McMahon announces Johnny Carson on 'The Tonight Show'
48.7%
3:13-
3:20
Malcolm X
48%
Time
Answer
% Correct
4:19-
4:24
Kent State shootings
48%
6:42-
6:44
Elwood Edwards, the voice of AOL
48%
1:58-
2:01
Lucille Ball & Desi Arnez in 'I Love Lucy'
46.7%
2:07-
2:13
Senator Joseph McCarthy
46.7%
5:11-
5:15
Iran hostage crisis
46.7%
1:25-
1:30
Bob Hope
46%
1:08-
1:11
'War of the Worlds' radio broadcast
45.3%
3:27-
3:29
Ed Sullivan
44.7%
6:36-
6:42
Mike Shannon announces that Mark McGwire becomes the new home run champion
44.7%
2:42-
2:46
Phil Rizzuto announces Roger Maris's 61st home run
42.7%
6:01-
6:08
Oliver North talks about the Iran-Contra Affair
42%
2:13-
2:17
The Giants won the pennant
41.3%
1:46-
1:50
Radio announcement of the Holocaust
40.7%
2:09-
2:12
Curly Howard on 'The Three Stooges'
40.7%
2:57-
2:59
Lee Harvey Oswald was shot
36%
1:55-
2:00
General Douglas MacArthur
35.3%
3:11-
3:19
George Wallace
35.3%
1:11-
1:13
Neville Chamberlain after the Munich Agreement
30%
5:51-
5:57
Dan Quayle and Lloyd Bentsen's 1988 vice-presidential debate
29.3%
2:17-
2:18
Jackie Gleason in 'The Honeymooners'
28.7%
6:17-
6:20
Bernard Shaw reports on the Gulf War
27.3%
6:51-
6:53
Bill Scott as Bullwinkle J. Moose
25.3%
2:27-
2:29
Buddy Holly, Richie Valens & J.D. Richardson (The Big Bopper) die in a plane crash
22.7%
1:05-
1:08
King Edward VIII abdicates the throne
22%
6:56-
6:56
June Foray as Rocky the Flying Squirrel
20%
1:15-
1:18
President Woodrow Wilson brings the USA into WWI
18%
4:15-
4:17
Wavy Gravy
14.7%
Quiz Playlist
Details
Report
Send in Message
Add To Playlist
More Info:
Name either the person(s) who are speaking, the person or event that is being spoken about, or the entertainment show/act that each clip is from.
Classic:
Type in answers that appear in a list
Last Updated: Feb 16, 2017
Quiz Scoreboard
CHALLENGE
Sign Up to Join the Scoreboard
Show All
Scores
Hide
Comments
May contain spoilers
Recently Published
Movies - When Are They Set?
by FPL_Elf
Movies
5m
Popular People in 1961
by mucciniale
History
6m
1-10 Letter E Words III
by El_Dandy
Language
2m
More to Explore
Quiz From the Vault
Featured Blog Post
Where Did the Easter Bunny Come From?
hide this ad
You Might Also Like...
Tags
Clip Quiz
Holiday Songs Quiz
Audio Quiz
auld
Happy
Kenny
lang
New Year
Saxophonist
Syne
Today's Top Quizzes in Holiday
Browse Holiday
hide this ad
Today's Top Quizzes in Holiday Songs
Browse Holiday Songs
Top Contributed Quizzes in Holiday
1
Easter - Did You Know?
2
Holidays Spelling Bee
3
Show What You Know: US Federal Holidays
4
The Holiday Category, A to Z
5
3-per Word Ladder: Listen Up!
6
Slices of Holidays
7
Europapark rides
8
10 to 1: Ramadan
9
Missing Letter Holidays
10
The 3rd thing you need to know: Halloween
Explore More
Trending Topics
Disney
Harry Potter
Marvel
Kpop
NBA
Crossword
Anime
Puzzle
The Office
Country
Pokémon
WWE
NFL
Soccer
Song
hide this ad
More By:
sbme
Quiz
Plays
Rating
Category
Featured
Created
Heart Stopping Challenge
682,037
3.24
Science
Mar 29, 2012
The Digestion Progression Challenge
252,934
3.63
Science
May 25, 2012
Top 10 Hits of 2010
154,690
3.80
Music
Dec 16, 2010
Big Mac Meltdown
143,071
3.66
Miscellaneous
Mar 29, 2012
Top 10 Hits of 2009
124,074
3.70
Music
Oct 2, 2009
Go to Creator's Profile
Score Distribution
Quiz Creator Spotlight
sbme
Follow
Send a Message
Quizzes Created
-
Created Quiz Play Count
-
More By This Creator
Popular Quizzes Today
1
Find the Countries of Europe - No Outlines Minefield
2
Find the US States - No Outlines Minefield
3
The Countries of the World
4
Popular People in 1961
5
1-10 Letter E Words III
6
US States
7
Find the US States
8
One Thing in Common: World Cities II
More Holiday Quizzes
Christmas Songs by Pictogram
Published
Trending Quizzes
Risky Map Clicking: Least Populous States A-Z
Humor Books: The Subtitles
1-10 Letter F Words
1-10 Letter G Words
One Thing in Common: United Kingdom
Recently Updated
Leaping Animals
pecheneg
Reality TV Shows (A-Z)
bhenderson79
Rickey Henderson's Hall of Fame Teammates
pecheneg
Champions League XIs: Arsenal
pecheneg
Quick Pick: Celebrities in WWE's Hall of Fame
aduchscher
A-Z Keypad Blitz II
pecheneg
Multiple Oscar Actors
pecheneg
Mystery Phrase Blitz: Oscar 'Best Actors'
pecheneg
F. Scott Fitzgerald Novels
LTH
Pick 3 Villains
ddd62291
Trending Topics
NBA
Anime
Kpop
Marvel
Harry Potter
Crossword
Disney
Country
Pokémon
WWE
Soccer
The Office
NFL
Song
Puzzle
Your Account Isn't Verified!
In order to create a playlist on Sporcle, you need to verify the email address you used during registration. Go to your
Sporcle Settings
to finish the process.
Report this User
Report this user for behavior that violates our
Community Guidelines
.
Details:
Send Report
Go to the Sporcle.com Mobile Site →
Comments